El retorno del péndulo : (Registro nro. 4929)

Detalles MARC
000 -LEADER
fixed length control field 01262nam a2200253Ia 4500
003 - CONTROL NUMBER IDENTIFIER
control field OSt
005 - DATE AND TIME OF LATEST TRANSACTION
control field 20200402133230.0
008 - FIXED-LENGTH DATA ELEMENTS--GENERAL INFORMATION
fixed length control field 191128s2014 sp gr 001 0dspa d
020 ## - INTERNATIONAL STANDARD BOOK NUMBER
International Standard Book Number 9788437507088
040 ## - CATALOGING SOURCE
Original cataloging agency CO-JMCR
Transcribing agency CO-JMCR
041 0# - LANGUAGE CODE
Language code of text/sound track or separate title spa
082 04 - DEWEY DECIMAL CLASSIFICATION NUMBER
Classification number 150.1952 /
Item number B185r
100 1# - MAIN ENTRY--PERSONAL NAME
Personal name Zygmunt Bauman,
Relator term autor
9 (RLIN) 2449
245 13 - TITLE STATEMENT
Title El retorno del péndulo :
Remainder of title sobre psicoanálisis y el futuro del mundo liquido /
Statement of responsibility, etc. Zygmunt Bauman, Gustavo Dessal,
260 ## - PUBLICATION, DISTRIBUTION, ETC.
Place of publication, distribution, etc. Madrid :
Name of publisher, distributor, etc. Fondo de Cultura Económica,
Date of publication, distribution, etc. 2014
300 ## - PHYSICAL DESCRIPTION
Extent 162 páginas
Dimensions 21 cm.
490 0# - SERIES STATEMENT
Series statement Sección de obras de sociología
500 ## - GENERAL NOTE
General note Incluye biografía del autor en solapa.
505 ## - FORMATTED CONTENTS NOTE
Formatted contents note Prólogo / gustavo Dessal -- Libertad y seguridad: un caso de Hasslibe [Zygmunt Bauman] -- Comentarioa <<Libertad y seguridad: un caso de Hassliebe>> / Gustavo Dessal -- La civilización freudiana revisitada o ¿qué se supone qué ocurrió
520 ## - SUMMARY, ETC.
Summary, etc. Fruto de un feliz y extraño encuentro entre Zygmunt Bauma, uno de los más importantes pensadores contemporáneos, y Gustavo Dassal repuntado psicoanalista a ambos lados del Atlántico, nace este ensayo.
650 14 - SUBJECT ADDED ENTRY--TOPICAL TERM
Topical term or geographic name entry element Crítica e interrupción psicoanálisis
9 (RLIN) 2450
700 1# - ADDED ENTRY--PERSONAL NAME
Personal name Gustavo Dessal,
Relator term autor
9 (RLIN) 2451
942 ## - ADDED ENTRY ELEMENTS (KOHA)
Source of classification or shelving scheme Dewey Decimal Classification
Koha item type Books
Existencias
Withdrawn status Lost status Source of classification or shelving scheme Materials specified (bound volume or other part) Damaged status Not for loan Home library Current library Shelving location Date acquired Source of acquisition Cost, normal purchase price Total Checkouts Total Renewals Full call number Barcode Date last seen Date last checked out Copy number Price effective from Koha item type
    Dewey Decimal Classification Donación--15/04/2018--     Biblioteca Pública José María del Castillo y Rada Biblioteca Pública José María del Castillo y Rada General Stacks 11/28/2019 Donación 0.00 2 2 150.1952 / B185r 430001019 05/16/2024 02/01/2023 Ej.1 11/28/2019 Books